| 000 | 02101cam a22003854a 4500 | ||
|---|---|---|---|
| 001 | 14031763 | ||
| 003 | OSt | ||
| 005 | 20231104095907.0 | ||
| 008 | 050708s2005 enkab b 001 0 eng | ||
| 010 | _a 2005019702 | ||
| 016 | 7 |
_a101252097 _2DNLM |
|
| 020 | _a0198605587 (alk. paper) | ||
| 020 | _a9780198605584 (alk. paper) | ||
| 035 | _a(OCoLC)ocm60856170 | ||
| 040 |
_aDNLM/DLC _cDLC _dNLM _dBAKER _dBWKUK _dIXA _dOCLCQ _dDLC |
||
| 042 | _apcc | ||
| 050 | 0 | 0 |
_aQP632.B3 _bL39 2005 |
| 060 | 0 | 0 | _a2005 N-626 |
| 060 | 1 | 0 |
_aQW 11.1 _bL425t 2005 |
| 082 | 0 | 0 | _aQW 630 L45t 2005 |
| 100 | 1 |
_aLax, Alistair J., _99422 |
|
| 245 | 1 | 0 |
_aToxin : the cunning of bacterial poisons _b |
| 260 |
_aOxford ; _bOxford University Press, _c2005. |
||
| 300 |
_a192 p. : _bill., maps ; _c23 cm. |
||
| 504 | _aIncludes bibliographical references (p. [180]-189) and index. | ||
| 505 | 0 | _aToxins are everywhere : how toxins affected history -- The germ of an idea : a gradual acceleration up to the mid-1850s -- The golden age of microbiology : Pasteur, Koch, and the birth of the toxin concept -- The anatomy of diphtheria : taming the deadly scourge of childhood -- Understanding : all toxins fit into three basic mechanisms -- Why are plague and typhoid so deadly? : a further layer of cunning -- Deviant biology : weapons, espionage, and man's innate inhumanity -- A more optimistic outcome : from poison to cure and the cell biologist's toolkit -- Where is toxinology going now? : is there anything new out there? | |
| 650 | 0 |
_aToxins _99423 |
|
| 650 | 1 | 2 |
_aBacterialology _99424 |
| 856 | 4 | 1 |
_3Table of contents only _uhttp://www.loc.gov/catdir/toc/ecip0515/2005019702.html |
| 856 | 4 | 2 |
_3Publisher description _uhttp://www.loc.gov/catdir/enhancements/fy0638/2005019702-d.html |
| 856 | 4 | 2 |
_3Contributor biographical information _uhttp://www.loc.gov/catdir/enhancements/fy0725/2005019702-b.html |
| 906 |
_a7 _bcbc _corignew _d1 _eecip _f20 _gy-gencatlg |
||
| 942 |
_2ddc _cO_SHELF |
||
| 999 |
_c4379 _d4379 |
||